000 00354nam a2200145 a 4500
001 31315
005 20180713234710.0
008 140415s1980 mx 000 0 spa d
041 _aspa
082 _a370.07
_bANU
245 0 0 _aTECNOLOGIA DIDACTICA
250 _a1RA
260 _aMEXICO :
_bPAIDOS,
_c1980
300 _a326
_c16 x 2 x 22
999 _c31315
_d31315